Stuck in a rut on the strategy for change (Record no. 74714)

MARC details
000 -LEADER
fixed length control field 01200cab a2200241 4500
001 - CONTROL NUMBER
control field ABS68681
008 - FIXED-LENGTH DATA ELEMENTS--GENERAL INFORMATION
fixed length control field 050113n2004 000 0 eng u
035 ## - SYSTEM CONTROL NUMBER
System control number (Sirsi) u128516
100 ## - MAIN ENTRY--PERSONAL NAME
Personal name Baker, C.
245 ## - TITLE STATEMENT
Title Stuck in a rut on the strategy for change
260 ## - PUBLICATION, DISTRIBUTION, ETC.
Date of publication, distribution, etc. 2004
490 ## - SERIES STATEMENT
Series statement Axis
Volume/sequential designation 58(5) November/December 2004, 8-10(3)
520 ## - SUMMARY, ETC.
Summary, etc. Examines the Northern Way, the ambitious government policy launched in September 2004, which aims to close the north-south gap in prosperity and to balance north-south productivity. Indicates that although the policy is largely concerned with economic development, community regeneration and transport also feature in the strategy. Lists the key Northern Way objectives and the six cluster programmes covering particular industry and service sectors. Questions whether the Northern Way will be able to achieve its goals.
590 ## - LOCAL NOTE (RLIN)
Local note ABS
650 ## - SUBJECT ADDED ENTRY--TOPICAL TERM
Topical term or geographic name entry element GOVERNMENT POLICY
650 ## - SUBJECT ADDED ENTRY--TOPICAL TERM
Topical term or geographic name entry element NORTH-SOUTH DIVIDE
650 ## - SUBJECT ADDED ENTRY--TOPICAL TERM
Topical term or geographic name entry element ECONOMIC DEVELOPMENT
650 ## - SUBJECT ADDED ENTRY--TOPICAL TERM
Topical term or geographic name entry element SUSTAINABLE COMMUNITIES
650 ## - SUBJECT ADDED ENTRY--TOPICAL TERM
Topical term or geographic name entry element TRANSPORT
690 ## - LOCAL SUBJECT ADDED ENTRY--TOPICAL TERM (OCLC, RLIN)
Topical term or geographic name as entry element REGENERATION
856 ## - ELECTRONIC LOCATION AND ACCESS
Uniform Resource Identifier <a href="https://www.thenorthernway.co.uk/">https://www.thenorthernway.co.uk/</a>
Public note View the report on the Northern Way website...
942 ## - ADDED ENTRY ELEMENTS (KOHA)
Suppress in OPAC 0
Holdings
Withdrawn status Lost status Source of classification or shelving scheme Damaged status Not for loan Home library Current library Shelving location Date acquired Total Checkouts Full call number Barcode Date last seen Copy number Price effective from Koha item type
    Dewey Decimal Classification     London London Journal article 13/01/2005   ABS68681 128516-1001 06/08/2019 1 06/08/2019 Journal article